Macroeconomics. (Record no. 1753)
[ view plain ]
| 000 -LEADER | |
|---|---|
| fixed length control field | 01584nam a2200229Ia 4500 |
| 020 ## - INTERNATIONAL STANDARD BOOK NUMBER | |
| ISBN | 0072877588 (alk. paper) |
| 020 ## - INTERNATIONAL STANDARD BOOK NUMBER | |
| ISBN | 9780072877588 (alk. paper) |
| 020 ## - INTERNATIONAL STANDARD BOOK NUMBER | |
| ISBN | 0071111131 (pbk., International ed.) |
| 020 ## - INTERNATIONAL STANDARD BOOK NUMBER | |
| ISBN | 9780071111133 (pbk., International ed.) |
| 050 00 - CALL NUMBER | |
| Classification number | HB172.5 |
| Item number | .D435 |
| 100 1# - AUTHOR | |
| Personal name | De Long, J. Bradford. |
| 245 10 - TITLE | |
| Title | Macroeconomics. |
| 250 ## - EDITION | |
| Edition statement | 2nd ed. / |
| 260 ## - PUBLICATION INFORMATION | |
| Place of publication | Boston : |
| Name of publisher | McGraw-Hill, |
| Year of publication | c2006. |
| 300 ## - DESCRIPTION | |
| Number of Pages | xxvii, 554 p. : |
| Other physical details | ill. ; |
| Dimensions | 26 cm. |
| 500 ## - NOTES | |
| General note | Various multi-media instructional materials are available to supplement the text. |
| 500 ## - NOTES | |
| General note | Includes index. |
| 505 ## - FORMATTED CONTENTS NOTE | |
| Table of Content | Part I Preliminaries 1 Introduction to Macroeconomics 2 Measuring the Macroeconomy 3 Thinking Like an Economist Part II Long-Run Economic Growth 4 The Theory of Economic Growth 5 The Reality of Economic Growth: History and Prospect Part III Flexible-Price Macroeconomics 6 Building Blocks of the Flexible-Price Model 7 Equilibrium in the Flexible-Price Model 8 Money, Prices, and Inflation Part IV Sticky-Price Macroeconomics 9 The Sticky-Price Income-Expenditure Framework: Consumption and the Multiplier 10 Investment, Net Exports, and Interest Rates: The IS Curve 11 The Money Market and the LM Curve 12 The Phillips Curve and Expectations Part V Macroeconomic Policy 13 Stabilization Policy The Budget Balance, the National Debt, and InvestmentInternational Economic Policy 14 Changes in the Macroeconomy and Changes in Macroeconomic Policy 15 The Future of Macroeconomics Epilogue |
| 650 #0 - SUBJECTS | |
| Topical Term | Macroeconomics. |
| 700 1# - OTHER AUTHORS | |
| Personal name | Olney, Martha L. |
| 942 ## - ADDED ENTRY ELEMENTS (KOHA) | |
| Koha item type | Books |
| Withdrawn status | Lost status | Home library | Current library | Shelving location | Date acquired | Full call number | Accession Number | Copy number | Koha item type | Collection code |
|---|---|---|---|---|---|---|---|---|---|---|
| Methodist University Library Main | Methodist University Library Main | General Stacks | HB172.5 .D435 | 18644 | 1 | Books | ||||
| Methodist University Library Main | Methodist University Library Main | General Stacks | HB172.5 .D435 | 39840 | 2 | Books | Reference | |||
| Methodist University Library Main | Methodist University Library Main | General Stacks | HB172.5 .D435 | 37918 | 3 | Books | Reference |